[Event "POL-chT2 South U19"]
[Site "Rudnik"]
[Date "2000.??.??"]
[Round "6.4"]
[White "Bobula, Mateusz"]
[Black "Rogala, Dariusz"]
[Result "0-1"]
[WhiteElo "1800"]
[BlackElo "1800"]
[PlyCount "62"]
[EventDate "2000.07.20"]
[EventType "team-swiss"]
[EventRounds "10"]
[EventCountry "POL"]
[SourceTitle "EXT 2005"]
[Source "ChessBase"]
[SourceDate "2004.11.15"]
[SourceVersion "1"]
[SourceVersionDate "2004.11.15"]
[SourceQuality "1"]
[WhiteTeam "Jaslo MDK U19"]
[BlackTeam "Gorno Gornovia U19"]
[WhiteTeamCountry "POL"]
[BlackTeamCountry "POL"]

1. d4 d5 2. c4 c6 3. Nf3 Nf6 4. Nbd2 Bf5 5. g3 e6 6. Bg2 Nbd7 7. b3 Be7 8. Bb2 0-0 9. 0-0 dxc4 10. Nxc4 Nb6 11. Na5 Qc7 12. Ne5 Nbd5 13. Nac4 Rfd8 14. Rc1 Rac8 15. Nd2 Bb4 16. Ndf3 Qa5 17. a4 Nc3 18. Bxc3 Bxc3 19. e3 c5 20. Ng5 Rc7 21. e4 Bg6 22. Nxg6 hxg6 23. d5 exd5 24. exd5 Bd2 25. b4 Bxb4 26. d6 Rcd7 27. Qb3 Bd2 28. Ne4 Bxc1 29. Rxc1 Nxe4 30. Bxe4 Rxd6 31. Kg2 b6 0-1

[Event "POL-chT2 South U19"]
[Site "Rudnik"]
[Date "2000.??.??"]
[Round "10.4"]
[White "Rogala, Dariusz"]
[Black "Kubit, Tomasz"]
[Result "1/2-1/2"]
[WhiteElo "1800"]
[BlackElo "2024"]
[PlyCount "61"]
[EventDate "2000.07.20"]
[EventType "team-swiss"]
[EventRounds "10"]
[EventCountry "POL"]
[SourceTitle "EXT 2005"]
[Source "ChessBase"]
[SourceDate "2004.11.15"]
[SourceVersion "1"]
[SourceVersionDate "2004.11.15"]
[SourceQuality "1"]
[WhiteTeam "Gorno Gornovia U19"]
[BlackTeam "Gliwice Carbo U19"]
[WhiteTeamCountry "POL"]
[BlackTeamCountry "POL"]

1. e4 d5 2. exd5 Nf6 3. Bb5+ Bd7 4. Be2 Nxd5 5. d4 Bf5 6. Nf3 e6 7. 0-0 Be7 8. c4 Nb6 9. Be3 0-0 10. Nc3 Bf6 11. Qd2 Nc6 12. Rad1 Qe7 13. Qc1 Rad8 14. Rd2 Rd7 15. Rfd1 Rfd8 16. b3 h6 17. h3 Kh8 18. c5 Nd5 19. Nxd5 exd5 20. Bd3 Be4 21. Be2 Bh7 22. Re1 Qf8 23. a3 Re7 24. b4 Rde8 25. Qc3 Nd8 26. Bb5 c6 27. Bd3 Bxd3 28. Qxd3 a6 29. Rde2 Ne6 30. Kf1 Qg8 31. Nh2 1/2-1/2